000 01338am a2200421a 44500
003 AR-BaBNM
005 20251128204937.0
008 306019s1995 #AR|||||||||||000 | spa||
020 _a84-277-1063-1
040 _cAR-BaBNM
100 1 _aWang, Margaret C.
245 1 0 _aAtención a la diversidad del alumnado
260 _aMadrid
_bNarcea
_c1995
300 _a407 p.
_btablas, diagr.
490 0 _aSecundaria para todos
500 _aLOGSE: Ley Orgánica de Ordenación del Sistema Educativo
500 _aLas referencias bibliográficas se encuentran al final de cada capítulo
500 _aEl capítulo 2, 3, 4 y 5 cuentan con modelos de planillas de actividades
650 4 _aCURRICULO
650 4 _aENSEÑANZA PROGRAMADA
650 4 _aALUMNOS
650 4 _aDIFERENCIAS INDIVIDUALES
650 4 _aDIFERENCIACION CULTURAL
650 4 _aNECESIDADES DEL ALUMNO
650 4 _aPROYECTOS MODELO
650 4 _aMETODOS DE ENSEÑANZA
650 4 _aTECNICAS DE ENSEÑANZA
650 4 _aAMBIENTE DE LA CLASE
650 4 _aTECNICAS DE EVALUACION
650 4 _aFORMACION DE DOCENTES
651 4 _aEspaña
653 _aEDUCACION SECUNDARIA
700 1 _aGennari, Patricia A.
_ecolaborador
700 1 _aManing, Joann
_ecolaborador
700 1 _aVaughan, Eva D.
_ecolaborador
942 _cBK
998 _csilvi
999 _c9434
_d9434